| 000 | 01476nam a22003977a 4500 | ||
|---|---|---|---|
| 003 | CHAP | ||
| 005 | 20220329143700.0 | ||
| 008 | 110117s2010 mx a r 00010 spa d | ||
| 010 | _a100261 | ||
| 011 | _a101233 | ||
| 020 | _a9786078019212 | ||
| 035 | _a111920 | ||
| 040 | _cCHAP | ||
| 082 | 0 | 4 |
_a635.6420720972 _bSa59 |
| 100 | 0 | 0 |
_aSantiaguillo Hernández, José Francisco. _9102406 |
| 245 | 1 | 0 |
_aDistribución geográfica de Physalis spp. en México _c/por José Francisco Santiaguillo Hernández, Ernestina Cedillo Portugal y Jesús Axayácatl Cuevas Sánchez |
| 260 |
_aChapingo, Méx. : _bRed de Tomate de Cáscara, _c2010 |
||
| 300 |
_a245 p. : _bilus. |
||
| 590 |
_aBATCH-UPD _b10 _c20130110 _lUCH01 _h1005 |
||
| 590 |
_aBATCH-UPD _b10 _c20130410 _lUCH01 _h0615 |
||
| 590 |
_aBATCH-UPD _b10 _c20130914 _lUCH01 _h0906 |
||
| 590 |
_aCONVERSION _b10 _c20130109 _lUCH01 _h1355 |
||
| 650 | 1 | 4 |
_aEtnobotánica. _938611 |
| 650 | 1 | 4 |
_aPhysalis. _987890 |
| 650 | 1 | 4 |
_aRecursos genéticos _xConservación. _995081 |
| 650 | 1 | 4 |
_aRegionalización _xMéxico. _995665 |
| 650 | 1 | 4 |
_aTomate verde _xFisiología y morfología. _9113815 |
| 650 | 1 | 4 |
_aTomate verde _xGenética. _9113816 |
| 650 | 1 | 4 |
_aTomate verde _xVariedades. _9113840 |
| 700 | 0 |
_aCedillo Portugal, Ernestina. _920850 |
|
| 700 | 0 |
_aCuevas Sánchez, Jesús Axayácatl. _930185 |
|
| 901 | _aBK | ||
| 911 | _aen proceso | ||
| 942 | _cLIBRO | ||
| 949 |
_a635.6420720972 _bBC _cUACH _d33724002228991 _eUACH _h14012 _i111920 _sb |
||
| 999 |
_c100261 _d100261 |
||